[Event "UKR-ch sf"]
[Site "Alushta"]
[Date "2011.05.10"]
[Round "8"]
[White "Kucherenko, Daniil"]
[Black "Borisenko, Viacheslav"]
[Result "1-0"]
[WhiteElo "2364"]
[BlackElo "2302"]
[PlyCount "119"]
[EventDate "2011.05.03"]
[EventType "swiss"]
[EventRounds "9"]
[EventCountry "UKR"]
[SourceTitle "CBM 142 Extra"]
[Source "ChessBase"]
[SourceDate "2011.06.27"]
[SourceVersion "1"]
[SourceVersionDate "2011.06.27"]
[SourceQuality "1"]

1. e4 c5 2. c3 e6 3. d4 d5 4. e5 Qb6 5. Nf3 Bd7 6. Qb3 Nc6 7. Be3 Qc7 8. dxc5 Nge7 9. Bd3 Rb8 10. Bd4 Nxd4 11. cxd4 b6 12. Qc3 bxc5 13. dxc5 Ng6 14. Bxg6 hxg6 15. b4 a5 16. a3 Bb5 17. Nbd2 Be7 18. Nb3 axb4 19. axb4 0-0 20. Nbd4 Bc4 21. Kd2 Qd7 22. Rhb1 f6 23. Qe3 Qc8 24. Ra5 g5 25. h3 Re8 26. g3 Ra8 27. Rba1 Rxa5 28. Rxa5 Qb7 29. Qa3 fxe5 30. Ra7 Qc8 31. Nxe5 Bf6 32. f4 Rf8 33. Qe3 gxf4 34. gxf4 Qe8 35. Nef3 Qg6 36. c6 Qb1 37. Nc2 Qf1 38. Nce1 d4 39. Nxd4 Bh4 40. Nef3 Bg3 41. Nxe6 Bxe6 42. Qxe6+ Kh8 43. Nd4 Qxf4+ 44. Kd3 Qf1+ 45. Qe2 Qb1+ 46. Kc4 Qc1+ 47. Kb5 Qg5+ 48. Kc4 Qc1+ 49. Qc2 Qf1+ 50. Qd3 Qxh3 51. Re7 Qg2 52. Qg6 Qf1+ 53. Kc5 Qc1+ 54. Kb6 Rb8+ 55. Rb7 Rxb7+ 56. Kxb7 Qf4 57. Qxg7+ Kxg7 58. Ne6+ Kf7 59. Nxf4 Bxf4 60. c7 1-0

[Event "Berezovskoe op-B"]
[Site "Berezovskoe"]
[Date "2008.08.30"]
[Round "9"]
[White "Malyi, Viacheslav"]
[Black "Kucherenko, Daniil"]
[Result "0-1"]
[WhiteElo "2028"]
[BlackElo "2343"]
[PlyCount "34"]
[EventDate "2008.08.25"]
[EventType "swiss"]
[EventRounds "9"]
[EventCountry "UKR"]
[SourceTitle "CBM 126 Extra"]
[Source "ChessBase"]
[SourceDate "2008.11.05"]
[SourceVersion "1"]
[SourceVersionDate "2008.11.05"]
[SourceQuality "1"]

1. e4 c5 2. c3 d6 3. d4 Nf6 4. Bd3 g6 5. Nf3 Bg7 6. 0-0 Nc6 7. d5 Nb8 8. c4 0-0 9. h3 Na6 10. Nc3 Nc7 11. Re1 a6 12. a4 Bd7 13. e5 dxe5 14. Nxe5 Nce8 15. Nxd7 Qxd7 16. Qe2 Nd6 17. Qxe7 Rfe8 0-1

[Event "Kharkov Glassy Stream"]
[Site "Kharkov"]
[Date "2006.09.27"]
[Round "7"]
[White "Arzumanian, Georgy"]
[Black "Kucherenko, Daniil"]
[Result "1/2-1/2"]
[WhiteElo "2446"]
[BlackElo "2334"]
[PlyCount "20"]
[EventDate "2006.09.22"]
[EventType "tourn"]
[EventRounds "11"]
[EventCountry "UKR"]
[EventCategory "4"]
[SourceTitle "CBM 114 Extra"]
[Source "ChessBase"]
[SourceDate "2006.11.03"]
[SourceVersion "1"]
[SourceVersionDate "2006.11.03"]
[SourceQuality "1"]

1. e4 c5 2. Nf3 d6 3. d4 Nf6 4. Nc3 cxd4 5. Nxd4 g6 6. Be3 Bg7 7. h3 0-0 8. Bc4 Nc6 9. 0-0 Bd7 10. Bb3 Rc8 1/2-1/2

[Event "Kharkov Glassy Stream"]
[Site "Kharkov"]
[Date "2006.09.23"]
[Round "2"]
[White "Ivanov, Alexander Al"]
[Black "Kucherenko, Daniil"]
[Result "1-0"]
[WhiteElo "2394"]
[BlackElo "2334"]
[PlyCount "127"]
[EventDate "2006.09.22"]
[EventType "tourn"]
[EventRounds "11"]
[EventCountry "UKR"]
[EventCategory "4"]
[SourceTitle "CBM 114 Extra"]
[Source "ChessBase"]
[SourceDate "2006.11.03"]
[SourceVersion "1"]
[SourceVersionDate "2006.11.03"]
[SourceQuality "1"]

1. e4 c5 2. Nf3 d6 3. Bb5+ Bd7 4. Bxd7+ Qxd7 5. 0-0 Nf6 6. Re1 Nc6 7. c4 g6 8. Nc3 Bg7 9. Rb1 0-0 10. d4 cxd4 11. Nxd4 Rfc8 12. Nde2 Ne5 13. b3 a6 14. Bf4 Nh5 15. Bxe5 Bxe5 16. Nd5 Qd8 17. Qd3 Rc5 18. g3 b5 19. Rec1 e6 20. Ne3 Qb6 21. Rd1 Rd8 22. Rbc1 b4 23. Ng4 Bg7 24. Qe3 Nf6 25. Nxf6+ Bxf6 26. Rc2 Qc6 27. Rcd2 Re5 28. Rd4 Ra5 29. R4d2 Re5 30. Nd4 Qa8 31. Re2 Kg7 32. Nf3 Rc5 33. Rxd6 Rxd6 34. Qxc5 Rd1+ 35. Kg2 Bc3 36. Qc7 Qd8 37. Qxd8 Rxd8 38. Rc2 Rd1 39. Ng1 Kf6 40. Ne2 Rd3 41. Nc1 Rd8 42. Kf3 Ke5 43. a3 a5 44. axb4 axb4 45. Ra2 Bd2 46. Ra5+ Kd4 47. Na2 Kd3 48. Rb5 Kc2 49. Nxb4+ Kxb3 50. Nc6+ Kxc4 51. Rb7 Rf8 52. Ne5+ Kc5 53. Rxf7 Rxf7+ 54. Nxf7 Kd4 55. Ke2 Bc1 56. f3 Kc5 57. Kd3 Kc6 58. f4 Kd7 59. Ne5+ Ke7 60. Nc4 g5 61. Kc2 Bxf4 62. gxf4 gxf4 63. Ne5 Kf6 64. Nf3 1-0

[Event "Kharkov Glassy Stream"]
[Site "Kharkov"]
[Date "2006.09.22"]
[Round "1"]
[White "Kucherenko, Daniil"]
[Black "Ogleznev, Alexandr"]
[Result "1-0"]
[WhiteElo "2334"]
[BlackElo "2207"]
[PlyCount "79"]
[EventDate "2006.09.22"]
[EventType "tourn"]
[EventRounds "11"]
[EventCountry "UKR"]
[EventCategory "4"]
[SourceTitle "CBM 114 Extra"]
[Source "ChessBase"]
[SourceDate "2006.11.03"]
[SourceVersion "1"]
[SourceVersionDate "2006.11.03"]
[SourceQuality "1"]

1. e4 c5 2. Nf3 e6 3. d4 cxd4 4. Nxd4 a6 5. Bd3 Nf6 6. 0-0 Qc7 7. Qe2 d6 8. c4 Be7 9. b3 Nc6 10. Nxc6 bxc6 11. Bb2 c5 12. f4 Bb7 13. Nc3 Nd7 14. e5 dxe5 15. fxe5 Qxe5 16. Ne4 Qc7 17. Bxg7 Rg8 18. Bc3 Ne5 19. Qh5 Ng6 20. Qxh7 0-0-0 21. Rxf7 Qc6 22. Bc2 Nh4 23. g3 Nf5 24. Rxe7 Nxe7 25. Qxe7 Rg4 26. Ba5 Rdg8 27. Nd6+ Kb8 28. Qxb7+ Qxb7 29. Nxb7 Kxb7 30. Re1 Re8 31. Be4+ Kc8 32. Bb6 Rg5 33. Rd1 Re5 34. Bc6 Rf8 35. Rd2 Ref5 36. Kg2 Re5 37. h4 Rg8 38. Bf3 Rf5 39. g4 Re5 40. g5 1-0

[Event "Rodatychi op"]
[Site "Rodatychi"]
[Date "2006.09.01"]
[Round "9"]
[White "Kucherenko, Daniil"]
[Black "Kislinsky, Alexey"]
[Result "1-0"]
[WhiteElo "2334"]
[BlackElo "2454"]
[PlyCount "59"]
[EventDate "2006.08.27"]
[EventType "swiss"]
[EventRounds "9"]
[EventCountry "UKR"]
[SourceTitle "EXT 2008"]
[Source "ChessBase"]
[SourceDate "2007.11.25"]
[SourceVersion "1"]
[SourceVersionDate "2007.11.25"]
[SourceQuality "1"]

1. e4 c5 2. Nf3 Nc6 3. Nc3 g6 4. d4 cxd4 5. Nxd4 Bg7 6. Be3 Nf6 7. Bc4 d6 8. f3 Nd7 9. Bb3 Nb6 10. h4 h5 11. Qd3 Ne5 12. Qe2 Bd7 13. 0-0-0 a6 14. Kb1 Rc8 15. Nd5 Nxd5 16. Bxd5 Qc7 17. Bb3 b5 18. g4 Nc4 19. c3 hxg4 20. fxg4 a5 21. a3 d5 22. Bg5 dxe4 23. Qxe4 e5 24. h5 Qb6 25. h6 Bf6 26. Bxc4 Rxc4 27. Rhf1 Bc6 28. Qe2 0-0 29. h7+ Kxh7 30. Bxf6 1-0

[Event "UKR-ch sf"]
[Site "Alushta"]
[Date "2006.05.21"]
[Round "9"]
[White "Isak, Yuri"]
[Black "Kucherenko, Daniil"]
[Result "0-1"]
[WhiteElo "2156"]
[BlackElo "2353"]
[PlyCount "86"]
[EventDate "2006.05.13"]
[EventType "swiss"]
[EventRounds "9"]
[EventCountry "UKR"]
[SourceTitle "CBM 112 Extra"]
[Source "ChessBase"]
[SourceDate "2006.07.14"]
[SourceVersion "1"]
[SourceVersionDate "2006.07.14"]
[SourceQuality "1"]

1. e4 c5 2. c3 d6 3. d4 Nf6 4. Bd3 g6 5. Ne2 Bg7 6. 0-0 0-0 7. h3 Nc6 8. Be3 cxd4 9. cxd4 e5 10. d5 Nb4 11. Nbc3 Nxd3 12. Qxd3 Bd7 13. a4 Qe7 14. Nb5 a6 15. Nbc3 Nh5 16. Ra3 f5 17. f3 Nf6 18. Rb3 f4 19. Bf2 Be8 20. Qc4 g5 21. Rb6 Rf7 22. b4 Qd8 23. a5 Qb8 24. b5 Nd7 25. bxa6 Nxb6 26. Bxb6 bxa6 27. Nc1 Qb7 28. N1a2 Bf6 29. Rb1 Qc8 30. Qd3 h5 31. Nb4 g4 32. hxg4 hxg4 33. Nc6 Rg7 34. Bf2 Bh5 35. Kf1 gxf3 36. gxf3 Bh4 37. Nd1 Qh3+ 38. Ke2 Qh2 39. Nxe5 Rg2 40. Kd2 Bxf2 41. Nc6 Bd4+ 42. Kc1 Be3+ 43. Nxe3 fxe3 0-1

[Event "UKR-ch sf"]
[Site "Alushta"]
[Date "2006.05.15"]
[Round "3"]
[White "Kozlov, Yriy"]
[Black "Kucherenko, Daniil"]
[Result "1-0"]
[WhiteElo "2323"]
[BlackElo "2353"]
[PlyCount "115"]
[EventDate "2006.05.13"]
[EventType "swiss"]
[EventRounds "9"]
[EventCountry "UKR"]
[SourceTitle "CBM 112 Extra"]
[Source "ChessBase"]
[SourceDate "2006.07.14"]
[SourceVersion "1"]
[SourceVersionDate "2006.07.14"]
[SourceQuality "1"]

1. e4 c5 2. Nf3 d6 3. c3 Nf6 4. Be2 g6 5. 0-0 Bg7 6. Bb5+ Bd7 7. Bxd7+ Qxd7 8. Re1 Nc6 9. d4 cxd4 10. cxd4 e5 11. Nc3 0-0 12. Bg5 exd4 13. Nxd4 Rae8 14. Ndb5 Re6 15. Bxf6 Bxf6 16. Nd5 Bxb2 17. Rb1 Bg7 18. Nbc7 b6 19. Nxe6 fxe6 20. Ne3 Bd4 21. Rb3 Bc5 22. Rf1 Ne5 23. Kh1 Qa4 24. Qb1 Rf4 25. f3 h5 26. Nd1 Qa6 27. Nb2 h4 28. Nd3 Nxd3 29. Rxd3 e5 30. Qb3+ Kg7 31. g3 hxg3 32. hxg3 Rf8 33. Kg2 Qc8 34. Rh1 Qd7 35. Qb2 Qa4 36. Qd2 Rg8 37. Rb3 Qc4 38. Rbb1 Qd4 39. Qxd4 Bxd4 40. Rbc1 Bc5 41. Rh4 Rh8 42. Rxh8 Kxh8 43. Kh3 Kg7 44. Kg4 b5 45. f4 Kf6 46. Rh1 b4 47. Rh6 Be3 48. Rh8 Bf2 49. Rf8+ Ke6 50. Rb8 a5 51. Kg5 Bxg3 52. f5+ gxf5 53. exf5+ Kf7 54. Rb7+ Kf8 55. f6 e4 56. Kg6 d5 57. Ra7 Ke8 58. f7+ 1-0

[Event "Kharkov op"]
[Site "Kharkov"]
[Date "2004.07.12"]
[Round "5"]
[White "Shalimov, Valery"]
[Black "Kucherenko, Daniil"]
[Result "1/2-1/2"]
[WhiteElo "2424"]
[BlackElo "2320"]
[PlyCount "112"]
[EventDate "2004.07.08"]
[EventType "swiss"]
[EventRounds "9"]
[EventCountry "UKR"]
[SourceTitle "CBM 101 Extra"]
[Source "ChessBase"]
[SourceDate "2004.09.01"]
[SourceVersion "2"]
[SourceVersionDate "2004.09.01"]
[SourceQuality "1"]

1. Nf3 e6 2. c4 Nf6 3. e3 b6 4. d4 Bb7 5. Bd3 Be7 6. 0-0 0-0 7. Nc3 d5 8. cxd5 exd5 9. b3 Nbd7 10. Bb2 a6 11. Rc1 Bd6 12. Ne2 Re8 13. Ng3 g6 14. Rc2 Qe7 15. Qe2 Ne4 16. Rfc1 Nxg3 17. hxg3 c6 18. a4 a5 19. Qd1 f5 20. Be2 h5 21. Qd3 Rac8 22. Qd1 Qf6 23. Qf1 Rcd8 24. Ba6 Ba8 25. Qd1 Kg7 26. Bd3 Rh8 27. Kf1 Rde8 28. Nh4 Qe6 29. Rxc6 Bxc6 30. Rxc6 Qf6 31. Bxf5 Nb8 32. Rxb6 g5 33. Nf3 Qxf5 34. Rxd6 Rh6 35. Ba3 Rc8 36. Ne5 Rxd6 37. Bxd6 Kh6 38. g4 hxg4 39. Nxg4+ Kg6 40. Ne5+ Kg7 41. f3 Na6 42. Nd3 Rc3 43. Ke2 Qg6 44. Be5+ Kg8 45. Bg3 Nb4 46. Nxb4 axb4 47. Be1 Rc2+ 48. Kf1 Rb2 49. a5 Qh7 50. Kg1 Rb1 51. Qd2 Qh4 52. Kf1 Qh1+ 53. Kf2 g4 54. fxg4 Qh4+ 55. Kf1 Qh1+ 56. Kf2 Qh4+ 1/2-1/2

[Event "Kharkov op"]
[Site "Kharkov"]
[Date "2004.07.09"]
[Round "2"]
[White "Kucherenko, Daniil"]
[Black "Grigorchuk, Sergey"]
[Result "1-0"]
[WhiteElo "2320"]
[BlackElo "2262"]
[PlyCount "103"]
[EventDate "2004.07.08"]
[EventType "swiss"]
[EventRounds "9"]
[EventCountry "UKR"]
[SourceTitle "CBM 101 Extra"]
[Source "ChessBase"]
[SourceDate "2004.09.01"]
[SourceVersion "2"]
[SourceVersionDate "2004.09.01"]
[SourceQuality "1"]

1. e4 e6 2. d4 d5 3. Nc3 Nf6 4. Bg5 dxe4 5. Nxe4 Nbd7 6. Nf3 h6 7. Bxf6 Nxf6 8. Nxf6+ Qxf6 9. Bd3 Bd7 10. Qe2 0-0-0 11. 0-0 c5 12. c3 Kb8 13. a4 cxd4 14. cxd4 Bc6 15. Ne5 Bd5 16. a5 Bd6 17. a6 Bxe5 18. dxe5 Qg5 19. g3 h5 20. axb7 h4 21. Be4 Qe7 22. Qe3 Qxb7 23. Ra3 Rd7 24. Rfa1 Rhd8 25. Rxa7 Qxa7 26. Rxa7 Rxa7 27. Qb6+ Kc8 28. Qxa7 Bxe4 29. Qc5+ Kb8 30. Qb6+ Kc8 31. f4 h3 32. Qc5+ Kb8 33. Qb6+ Kc8 34. Kf2 Bb7 35. Ke2 Rd7 36. Qc5+ Kb8 37. Qf8+ Ka7 38. Qc5+ Ka6 39. b4 Bg2 40. Qc8+ Rb7 41. Qa8+ Kb5 42. Qa5+ Kc6 43. Qc5+ Kd7 44. b5 Ke8 45. g4 f6 46. exf6 gxf6 47. Kf2 Kf7 48. Kg3 Kg8 49. g5 Kf7 50. Qd4 fxg5 51. fxg5 Kf8 52. Qd8+ 1-0

[Event "UKR-ch"]
[Site "Simferopol"]
[Date "2003.11.11"]
[Round "8"]
[White "Smirnov, Igor"]
[Black "Kucherenko, Daniil"]
[Result "1-0"]
[WhiteElo "2446"]
[BlackElo "2226"]
[PlyCount "96"]
[EventDate "2003.11.04"]
[EventType "swiss"]
[EventRounds "9"]
[EventCountry "UKR"]
[SourceTitle "CBM 097 Extra"]
[Source "ChessBase"]
[SourceDate "2004.01.13"]
[SourceVersion "1"]
[SourceVersionDate "2004.01.13"]
[SourceQuality "1"]

1. e4 c5 2. Nf3 d6 3. d4 cxd4 4. Nxd4 Nf6 5. Nc3 g6 6. Bg5 Bg7 7. Bb5+ Bd7 8. Qe2 0-0 9. 0-0-0 Qa5 10. f4 Bg4 11. Nf3 a6 12. Bc4 Nc6 13. Bb3 Rac8 14. Kb1 Nd7 15. Nd5 Rfe8 16. h3 Bxf3 17. Qxf3 e6 18. Ne3 Nd4 19. Qf2 Qc5 20. Rd3 b5 21. Rhd1 h6 22. Bh4 a5 23. c3 Nxb3 24. axb3 Rc6 25. Nc2 Nf6 26. Qxc5 dxc5 27. Bxf6 Bxf6 28. e5 Be7 29. Rd7 c4 30. bxc4 Rxc4 31. R1d4 Rxd4 32. Nxd4 b4 33. Nc6 Bc5 34. cxb4 axb4 35. Rb7 Kg7 36. Nxb4 Rd8 37. Kc2 g5 38. Nd3 Bd4 39. f5 Rc8+ 40. Kd2 exf5 41. e6 Rf8 42. Rd7 Bf6 43. Nb4 Bxb2 44. Nd5 Bf6 45. g4 fxg4 46. hxg4 Rd8 47. Nxf6 Ra8 48. Rxf7+ Kg6 1-0

[Event "UKR-ch"]
[Site "Simferopol"]
[Date "2003.11.07"]
[Round "4"]
[White "Simantsev, Mikhail"]
[Black "Kucherenko, Daniil"]
[Result "1/2-1/2"]
[WhiteElo "2407"]
[BlackElo "2226"]
[PlyCount "128"]
[EventDate "2003.11.04"]
[EventType "swiss"]
[EventRounds "9"]
[EventCountry "UKR"]
[SourceTitle "CBM 097 Extra"]
[Source "ChessBase"]
[SourceDate "2004.01.13"]
[SourceVersion "1"]
[SourceVersionDate "2004.01.13"]
[SourceQuality "1"]

1. d4 d5 2. c4 e6 3. Nc3 Be7 4. Nf3 Nf6 5. e3 0-0 6. Bd3 b6 7. 0-0 Bb7 8. b3 Nbd7 9. Bb2 c5 10. Rc1 Ne4 11. Qc2 Ndf6 12. cxd5 exd5 13. Rfd1 Qc7 14. dxc5 bxc5 15. Bxe4 dxe4 16. Nd2 Ng4 17. Nf1 f5 18. Nd5 Bxd5 19. Rxd5 Rad8 20. Qc4 Kh8 21. h3 Nh6 22. Rcd1 Rxd5 23. Rxd5 Rd8 24. Ng3 Bf8 25. Be5 Qc8 26. Nh5 Nf7 27. Rxd8 Nxd8 28. Qd5 Ne6 29. Bc3 Qd8 30. Qxf5 Qd1+ 31. Kh2 h6 32. Ng3 Qd6 33. Qxe4 Ng5 34. Qe5 Qd7 35. f4 Nf7 36. Qf5 Qb7 37. e4 Kg8 38. e5 Qc6 39. Qe4 Qc7 40. Qd5 Kh7 41. Ne4 Nd8 42. g3 Qc8 43. Qd3 Kh8 44. f5 Nc6 45. e6 Nd4 46. Nd2 Qd8 47. Bxd4 cxd4 48. Nf3 Bc5 49. Qc4 Qa5 50. a4 Be7 51. g4 Bf6 52. Kg2 Qd8 53. Qd3 Qd6 54. Nd2 Be7 55. Nc4 Qf4 56. Qf3 Qc1 57. Qa8+ Kh7 58. Qe4 Kg8 59. f6 Bxf6 60. e7 Bxe7 61. Qxe7 Qc2+ 62. Kg1 d3 63. Qe8+ Kh7 64. Qe4+ Kh8 1/2-1/2

[Event "UKR-ch U20"]
[Site "Lvov"]
[Date "2003.03.23"]
[Round "7"]
[White "Strelnikov, Sergey"]
[Black "Kucherenko, Daniil"]
[Result "1-0"]
[WhiteElo "2286"]
[BlackElo "2287"]
[PlyCount "89"]
[EventDate "2003.03.??"]
[EventType "tourn"]
[EventRounds "11"]
[EventCountry "UKR"]
[EventCategory "6"]
[SourceTitle "EXT 2004"]
[Source "ChessBase"]
[SourceDate "2003.11.25"]
[SourceVersion "1"]
[SourceVersionDate "2003.11.25"]
[SourceQuality "1"]

1. e4 c5 2. Nf3 d6 3. d4 cxd4 4. Nxd4 Nf6 5. Nc3 g6 6. Be3 Bg7 7. f3 0-0 8. Qd2 Nc6 9. Bc4 Bd7 10. 0-0-0 Rc8 11. Bb3 Ne5 12. Kb1 Nc4 13. Bxc4 Rxc4 14. Nb3 Qc7 15. Bd4 Be6 16. g4 Rc8 17. g5 Nh5 18. Bxg7 Nxg7 19. Nd4 b5 20. h4 Qb7 21. Nce2 Qa6 22. b3 R4c5 23. c3 Qb7 24. Rc1 Bd7 25. Rhd1 a5 26. Nc2 Be6 27. Ne3 Qa7 28. Nf4 Qc7 29. Nfd5 Bxd5 30. Nxd5 Qb7 31. Qe3 Kf8 32. Qd4 Qa7 33. Kb2 Ra8 34. a3 Kg8 35. Qe3 Ne6 36. Ra1 Kf8 37. h5 a4 38. hxg6 hxg6 39. b4 Rc6 40. Qd2 Ng7 41. Rac1 Rac8 42. Rh1 Nh5 43. Nf4 Nxf4 44. Qxf4 Kg7 45. Rh7+ 1-0

[Event "UKR-ch U20"]
[Site "Lvov"]
[Date "2003.03.22"]
[Round "6"]
[White "Kucherenko, Daniil"]
[Black "Smirnov, Igor"]
[Result "1-0"]
[WhiteElo "2287"]
[BlackElo "2478"]
[PlyCount "69"]
[EventDate "2003.03.??"]
[EventType "tourn"]
[EventRounds "11"]
[EventCountry "UKR"]
[EventCategory "6"]
[SourceTitle "EXT 2004"]
[Source "ChessBase"]
[SourceDate "2003.11.25"]
[SourceVersion "1"]
[SourceVersionDate "2003.11.25"]
[SourceQuality "1"]

1. e4 Nf6 2. e5 Nd5 3. c4 Nb6 4. c5 Nd5 5. Bc4 e6 6. Nc3 Nf4 7. d4 Nxg2+ 8. Kf1 Nh4 9. Nf3 Nf5 10. d5 Bxc5 11. Ne4 Be7 12. d6 cxd6 13. exd6 Bf6 14. Qd3 b5 15. Bxb5 Bb7 16. Nxf6+ gxf6 17. Bf4 Nc6 18. Re1 0-0 19. Rg1+ Kh8 20. Qc3 Rc8 21. Bc4 e5 22. Nxe5 Ncd4 23. Qh3 Rxc4 24. Nxc4 Qc8 25. b3 Ba6 26. Qc3 Qc5 27. Be3 Nxe3+ 28. Rxe3 Rg8 29. Rxg8+ Kxg8 30. Re8+ Kg7 31. Qg3+ Kh6 32. Qh4+ Kg7 33. Qg3+ Kh6 34. Qe3+ Kg7 35. Re4 1-0